[Event "TCh-HUN 2010-11"]
[Site "Decs HUN"]
[Date "2011.02.20"]
[Round "6"]
[White "Toth,Sar"]
[Black "Gara,T"]
[Result "1-0"]
[WhiteElo "2200"]
[BlackElo "2348"]

1.Nf3 d5 2.c4 c6 3.g3 Nf6 4.Bg2 dxc4 5.Na3 Qd5 6.O-O Nbd7 7.d3 Nb6 8.Ng5 Qd8
9.Nxc4 h6 10.Nf3 g6 11.Qc2 Bg7 12.a3 O-O 13.b4 Nxc4 14.dxc4 Bf5 15.Qb3 a5
16.Bb2 a4 17.Qc3 Qc7 18.c5 Be4 19.Nd2 Bd5 20.Qc2 Nd7 21.Bxg7 Kxg7 22.Nc4 Bxc4
23.Qxc4 Rfd8 24.Rfd1 Qe5 25.Qd4 Kg8 26.e3 e6 27.Rac1 Rab8 28.Bf1 Qxd4 29.Rxd4 Ne5
30.Kg2 Rd5 31.h3 Rbd8 32.f4 Rxd4 33.exd4 Nd7 34.b5 Nb8 35.Rd1 cxb5 36.Bxb5 Nc6
37.Bxa4 Rxd4 38.Rxd4 Nxd4 39.Kf2 Kf8 40.g4 e5 41.fxe5 Ke7 42.Ke3 Ne6 43.c6 bxc6
44.Bxc6 f6 45.exf6+ Kxf6 46.a4 Ke5 47.a5 Nc7 48.Bb7 Nb5 49.Kd3 h5 50.a6 Na7
51.Kc4 hxg4 52.hxg4 Kd6 53.g5 Kd7 54.Kc5 Kc7 55.Be4 Nc8 56.Bxg6 Nb6 57.Bf5  1-0

[Event "TCh-SVK Extraliga 2010-11"]
[Site "Slovakia SVK"]
[Date "2011.02.20"]
[Round "6.3"]
[White "Dors,R"]
[Black "Vavrak,P"]
[Result "0-1"]
[WhiteElo "2241"]
[BlackElo "2466"]

1.Nf3 d5 2.c4 d4 3.g3 Nc6 4.d3 e5 5.Bg2 Nf6 6.O-O h6 7.a3 a5 8.b3 Bc5 9.Nbd2 O-O
10.Ne1 Be6 11.Nc2 Qd7 12.Rb1 Bh3 13.b4 Be7 14.b5 Nd8 15.Nf3 Bxg2 16.Kxg2 Bd6
17.e3 dxe3 18.Nxe3 Re8 19.Bb2 c6 20.d4 e4 21.Ne5 Qc8 22.f3 c5 23.N5g4 Nxg4
24.fxg4 Ne6 25.Nf5 Bf8 26.d5 Nd4 27.Nxd4 cxd4 28.Qxd4 Qxg4 29.Rbe1 Bd6 30.Qe3 Rac8
31.Rc1 b6 32.Bd4 f5 33.Bxb6 f4 34.Rxf4 Bxf4 35.Qxf4 Qe2+ 36.Qf2 Qg4 37.d6 e3
38.Qf3 Qe6 39.c5 Rf8 40.d7 Rxf3 41.dxc8=Q+ Qxc8 42.Kxf3 Qf5+ 43.Kxe3 Qg5+
44.Kd4 Qxc1 45.Kd5 Qxa3 46.Kc6 Qf3+ 47.Kd6 Qd3+ 48.Kc6 a4 49.Bc7 a3  0-1

[Event "Elitzur Winter IM"]
[Site "Petach Tikva ISR"]
[Date "2011.02.23"]
[Round "1"]
[White "Ruderfer,M"]
[Black "Tarnopolsky,A"]
[Result "1/2-1/2"]
[WhiteElo "2310"]
[BlackElo "2273"]

1.Nf3 d5 2.c4 e6 3.d4 Nf6 4.Nc3 dxc4 5.e3 c5 6.Bxc4 a6 7.a4 Nc6 8.O-O Be7
9.Qe2 cxd4 10.Rd1 e5 11.exd4 exd4 12.Nxd4 Nxd4 13.Qe5 Qd6 14.Qxd6 Bxd6 15.Rxd4 Bc5
16.Rd1  1/2-1/2

[Event "Osijek Open"]
[Site "Osijek CRO"]
[Date "2011.02.24"]
[Round "1.12"]
[White "Gnjezdur,V"]
[Black "Ljikar,Tamara"]
[Result "1-0"]
[WhiteElo "2143"]
[BlackElo "1716"]

1.Nf3 d5 2.c4 c6 3.g3 Bg4 4.Bg2 Nf6 5.O-O e6 6.b3 Be7 7.Bb2 O-O 8.d3 Nbd7
9.Qc2 Bxf3 10.Bxf3 e5 11.Bg2 Re8 12.Nd2 Bf8 13.Rad1 a5 14.e4 d4 15.Bh3 c5
16.a4 Ra6 17.Nb1 Nh5 18.Bc1 Rb6 19.Na3 Nb8 20.Nb5 Na6 21.Qe2 Nf6 22.f4 exf4
23.Bxf4 h6 24.Qf3 Re7 25.Rde1 g6 26.e5 Nd7 27.Bd2 Qe8 28.Nd6 Nxe5 29.Nxe8 Nxf3+
30.Rxf3 Rxe1+ 31.Bxe1 Bg7 32.Nxg7 Kxg7 33.Bxa5 Rxb3 34.Bc8 Ra3 35.Bxb7 Rxa4
36.Bd8 Nb4 37.Bf6+ Kf8 38.Be4 g5 39.Rf5  1-0

[Event "ch-Poltava"]
[Site "Lubny UKR"]
[Date "2011.02.25"]
[Round "9"]
[White "Tverdohlebov,V"]
[Black "Shemeakin,A"]
[Result "1-0"]
[WhiteElo "2392"]
[BlackElo "2314"]

1.Nf3 d5 2.c4 c6 3.d4 Nf6 4.Nc3 a6 5.a4 Bf5 6.Qb3 Ra7 7.Bg5 e6 8.Nh4 Bg6
9.Nxg6 hxg6 10.e4 dxe4 11.Nxe4 Be7 12.Nc3 c5 13.dxc5 Nbd7 14.Rd1 Qc7 15.h4 Nxc5
16.Qc2 Qc6 17.Rh3 b6 18.b4 Nce4 19.Nxe4 Nxe4 20.Bxe7 Rxe7 21.c5 bxc5 22.b5 Qb7
23.Re3 f5 24.f3 Ng3 25.Qxc5 Nxf1 26.Kxf1 Rxh4 27.Rd6 Rxa4 28.Rdxe6 Rxe6 29.Rxe6+ Kf7
30.Rb6 Qd7 31.Rxa6 Qd3+ 32.Kf2 Qd2+ 33.Kf1 Rh4 34.Ra7+ Kg8 35.Rxg7+ Kh8  1-0

[Event "e2e4.org.uk Brighton Masters B"]
[Site "Brighton ENG"]
[Date "2011.02.26"]
[Round "7"]
[White "Willmoth,R"]
[Black "Player,E"]
[Result "0-1"]
[WhiteElo "2209"]
[BlackElo "2179"]

1.Nf3 d5 2.c4 d4 3.g3 c5 4.Bg2 Nc6 5.O-O e5 6.d3 Nge7 7.e3 Ng6 8.exd4 exd4
9.Re1+ Be7 10.a3 O-O 11.Nbd2 Re8 12.Nf1 Bf8 13.Bd2 Bf5 14.Rxe8 Qxe8 15.Ne1 Nge5
16.Qc2 f6 17.f4 Ng4 18.h3 Nh6 19.g4 Bd7 20.Nf3 Nf7 21.Ng3 Qd8 22.f5 Qc7 23.Ne4 Re8
24.Rf1 a5 25.Kh1 Nce5 26.b3 Bc6 27.Nxe5 Nxe5 28.Rb1 Qe7 29.Bxa5 Nxd3 30.Qxd3 Bxe4
31.Bxe4 Qxe4+ 32.Qxe4 Rxe4 33.Re1 Rxe1+ 34.Bxe1 Bd6 35.Bd2 Bg3 36.Kg2 Bd6
37.Kf3 Kf8 38.Ke4 Ke7 39.Kd5 Kd7 40.b4 b6 41.bxc5 Bxc5 42.a4 Kc7 43.Bf4+ Kb7
44.a5 d3 45.axb6 Bb4 46.c5 d2 47.Bxd2 Bxd2 48.h4 Be3 49.Kd6 h6 50.c6+ Kxb6
51.c7 Bf4+ 52.Ke7 Kxc7 53.Kf7 Bg3 54.g5 hxg5  0-1

[Event "e2e4.org.uk Brighton Challengers C"]
[Site "Brighton ENG"]
[Date "2011.02.27"]
[Round "8"]
[White "Stevenson,J"]
[Black "Craft,Isaac"]
[Result "1-0"]
[WhiteElo "2097"]
[BlackElo "1791"]

1.Nf3 d5 2.c4 d4 3.b4 f6 4.d3 e5 5.a3 a5 6.b5 b6 7.g3 Bb7 8.Bg2 Bd6 9.O-O Ne7
10.e3 O-O 11.exd4 exd4 12.Bb2 Bc5 13.Nbd2 a4 14.Re1 Re8 15.Ne4 Nf5 16.Nfd2 Nd6
17.Nxd6  1-0

[Event "TCh-SUI 2011"]
[Site "Switzerland SUI"]
[Date "2011.02.27"]
[Round "1.6"]
[White "Wirthensohn,H"]
[Black "Steenhuis,J"]
[Result "1-0"]
[WhiteElo "2390"]
[BlackElo "2103"]

1.Nf3 d5 2.c4 c6 3.e3 Nf6 4.Nc3 g6 5.d4 Bg7 6.Bd3 O-O 7.O-O dxc4 8.Bxc4 Nbd7
9.e4 Nb6 10.Bb3 Bg4 11.Be3 Qd7 12.h3 Be6 13.Ne5 Qd6 14.f4 Bxb3 15.Qxb3 Nfd7
16.Nf3 e6 17.Rad1 Qe7 18.Bf2 Rfc8 19.Bh4 Bf6 20.Bxf6 Nxf6 21.f5 exf5 22.exf5 Nfd5
23.fxg6 hxg6 24.Ne5 Rf8 25.Rf3 Qd6 26.Rdf1 Rae8 27.Nxd5 Nxd5 28.Nxf7 Qe7
29.Ne5 Rxf3 30.Rxf3 Qh4 31.Qd3 Nf4 32.Qc4+ Nd5 33.Nxg6 Re1+ 34.Kh2 Qg5 35.Rg3 Rh1+
36.Kxh1 Qxg3 37.Ne7+ Kf8 38.Nxd5 Qe1+ 39.Kh2 cxd5 40.Qc8+ Ke7 41.Qxb7+ Kf6
42.Qc6+ Kg7 43.Qxd5 Qd2 44.Qe5+ Kg6 45.d5 Kh6 46.d6 Kg6 47.Qe6+ Kh7 48.d7 Qf4+
49.Kg1 Qc1+ 50.Kf2 Qd2+ 51.Kg3 Qg5+ 52.Kf3 Qh5+ 53.Qg4 Qf7+ 54.Kg3 Qd5 55.Qh4+  1-0

[Event "TCh-SUI 2011"]
[Site "Switzerland SUI"]
[Date "2011.02.27"]
[Round "1.7"]
[White "Bauert,R"]
[Black "Preissmann,E"]
[Result "1/2-1/2"]
[WhiteElo "2263"]
[BlackElo "2305"]

1.Nf3 d5 2.c4 e6 3.b3 Be7 4.Bb2 Bf6 5.Qc2 Bxb2 6.Qxb2 Qf6 7.Qxf6 Nxf6 8.g3 c5
9.cxd5 Nxd5 10.Nc3 Nxc3 11.dxc3 b6  1/2-1/2

[Event "31st TCh-IND 2011"]
[Site "Kochi IND"]
[Date "2011.02.28"]
[Round "9"]
[White "Bakre,T"]
[Black "Navin,K"]
[Result "1/2-1/2"]
[WhiteElo "2530"]
[BlackElo "2383"]

1.Nf3 d5 2.c4 c6 3.g3 Nf6 4.Bg2 dxc4 5.O-O Na6 6.Na3 Qd5 7.Qc2 Be6 8.Qc3 Qc5
9.Ne5 Bd5 10.Naxc4 Bxg2 11.Kxg2 e6 12.d3 Bd6 13.Nxd6+ Qxd6 14.Nc4 Qc5 15.Bf4 Nd5
16.Qxg7 Nxf4+ 17.gxf4 O-O-O 18.Qe5 Rhg8+ 19.Kh1 Rd5 20.Qe3 Rd4 21.Rg1 Rgd8
22.Rg5 Qe7 23.Rag1 Qf6 24.R1g4 Nc7 25.Ne5 Ra4 26.Rg8 Ne8 27.Rf8 Nd6 28.Rxd8+ Kxd8
29.a3 Kc7 30.Qg3 h5 31.Qh4 Qxh4 32.Rxh4 f6 33.Ng6 Ra5 34.e4 Rb5 35.b4 a5
36.Nf8 axb4 37.axb4 Rxb4 38.Nxe6+ Kd7 39.Nc5+ Ke7 40.Rxh5 b6 41.Rh7+ Nf7
42.Nd7 Kxd7 43.Rxf7+ Ke6 44.Rb7 b5 45.f5+ Ke5 46.Kg2 Rd4 47.Re7+ Kf4 48.Re6 Rxd3
49.Rxc6 Kxe4 50.Rxf6 Rd5 51.Kg3 Rd1 52.Rf8 Rg1+ 53.Kh4 Rg2 54.f6 Kf5 55.Rb8 Kxf6
56.Kh3 Rg5 57.Rb6+ Kg7 58.f4 Rg1 59.Rxb5 Kf6 60.Kh4 Rf1 61.Kg3 Rg1+ 62.Kf2 Ra1
63.Re5 Ra3 64.Re3 Ra1 65.Kf3 Rh1 66.Re2 Kf5 67.Re5+ Kg6 68.Rg5+ Kf6 69.Kg2 Ra1
70.h3 Ra3 71.Rg3 Ra1 72.Kf3 Kf5 73.Rg5+ Kf6 74.h4 Rf1+ 75.Kg3 Rg1+ 76.Kf2 Rh1
77.Kg3 Rg1+ 78.Kf3 Rf1+ 79.Kg4 Rg1+ 80.Kh5 Rf1 81.Rg8 Kf7 82.Rg4 Kf6 83.Kh6 Kf5
84.Rg5+ Kxf4 85.h5 Ra1 86.Rg6 Rh1 87.Rg5 Ra1 88.Rg2 Kf5 89.Rf2+ Ke6 90.Kg7 Rg1+
91.Kh7 Ke7 92.h6 Rg3 93.Kh8 Rg1 94.h7 Rg3 95.Ra2 Kf7 96.Ra7+ Kf8 97.Ra8+ Kf7
98.Rg8 Rf3  1/2-1/2

[Event "Brunei IM1 2011"]
[Site "Bandar Seri Begawan BRU"]
[Date "2011.03.01"]
[Round "4"]
[White "Nguyen Van Huy"]
[Black "Abidin,Z"]
[Result "1-0"]
[WhiteElo "2449"]
[BlackElo "2179"]

1.Nf3 d5 2.c4 c6 3.e3 e6 4.Nc3 Bd6 5.b3 f5 6.Bb2 Nf6 7.Qc2 O-O 8.Be2 Qe8
9.h3 Nbd7 10.O-O-O Ne4 11.Rdf1 Qe7 12.g4 Ba3 13.gxf5 Bxb2+ 14.Kxb2 Nxc3 15.Qxc3 e5
16.cxd5 cxd5 17.Qc7 Rxf5 18.d4 exd4 19.Nxd4 Qe5 20.Qxe5 Rxe5 21.Rc1 Nf8 22.Rc7 Ne6
23.Nxe6 Rxe6 24.Rhc1 Re8 25.Bf3 Be6 26.Rg1 g6 27.Rxb7 Rf8 28.Rg3 Rf6 29.Ka3 a6
30.Rb6 Raf8 31.Rxe6 Rxf3 32.Rxa6 Rxg3 33.fxg3 Rf3 34.Kb4 Rxe3 35.a4 g5 36.a5 g4
37.hxg4 Rxg3 38.Rc6 Rxg4+ 39.Kc5  1-0

[Event "27th Open"]
[Site "Cappelle la Grande FRA"]
[Date "2011.03.01"]
[Round "5.43"]
[White "Berczes,D"]
[Black "Sedina,E"]
[Result "1-0"]
[WhiteElo "2535"]
[BlackElo "2339"]

1.Nf3 d5 2.c4 c6 3.g3 Nf6 4.Bg2 Bg4 5.O-O e6 6.d3 Nbd7 7.cxd5 cxd5 8.Nc3 Be7
9.Qb3 Qb6 10.Qxb6 Nxb6 11.Ne5 Bh5 12.h3 Bd6 13.Bf4 Rd8 14.g4 Bg6 15.Nb5 Bb8
16.Nxg6 hxg6 17.Bxb8 Rxb8 18.Nxa7 Ra8 19.Nb5 Ke7 20.Rfc1 Rhc8 21.a3 Rc6 22.Nd4 Rcc8
23.f4 Ne8 24.Kf2 Nd6 25.Rxc8 Rxc8 26.a4 f6 27.b4 e5 28.fxe5 fxe5 29.Nb3 Rf8+
30.Kg3 e4 31.Nd4 Nd7 32.a5 Ne5 33.b5 Kd7 34.a6 bxa6 35.Rxa6 exd3 36.Ra7+ Ke8
37.exd3 Rf6 38.Bxd5 Nxd3 39.b6 Nc5 40.b7 Ndxb7 41.Bxb7  1-0

[Event "27th Open"]
[Site "Cappelle la Grande FRA"]
[Date "2011.03.01"]
[Round "5.23"]
[White "Prohaszka,P2"]
[Black "Foisor,M"]
[Result "1-0"]
[WhiteElo "2542"]
[BlackElo "2193"]

1.Nf3 d5 2.c4 e6 3.g3 Nf6 4.Bg2 c5 5.O-O Nc6 6.d4 dxc4 7.Ne5 Nxd4 8.e3 Nb5
9.Qxd8+ Kxd8 10.Nxf7+ Ke8 11.Nxh8 Nd6 12.Nc3 g6 13.e4 Nd7 14.Bf4 e5 15.Bg5 Bg7
16.Rad1  1-0

[Event "27th Open"]
[Site "Cappelle la Grande FRA"]
[Date "2011.03.02"]
[Round "6.96"]
[White "Maeurer,C"]
[Black "Jovanic,O"]
[Result "1/2-1/2"]
[WhiteElo "2301"]
[BlackElo "2489"]

1.Nf3 d5 2.c4 c6 3.g3 Nf6 4.Bg2 dxc4 5.O-O Nbd7 6.Na3 Nb6 7.Qc2 Qd5 8.Ne1 Qd4
9.e3 Qd6 10.Nxc4 Nxc4 11.Qxc4 e5 12.e4 Be6 13.Qc2 Qc5 14.Qb1 Rd8 15.d3 Qb5
16.Be3 Bc5 17.a4 Qa5 18.Bxc5 Qxc5 19.Ra3 a5 20.Nc2 O-O 21.b4 axb4 22.Nxb4 Qa5
23.Qb2 Rfe8 24.Rb1 Bc8 25.Nc2 Nd7 26.Ne3 Nc5 27.Nc4 Qc7 28.Bf1 Rd4 29.a5 Red8
30.Nb6 Be6 31.Qc2 Qd6 32.Rc3 Na6 33.Nc4 Bxc4 34.Rxc4 Qe7 35.Rb6 Rxc4 36.Qxc4 g6
37.Be2 Rd4 38.Qb3 Rb4 39.Rxb4 Qxb4 40.Qxb4 Nxb4 41.Bg4 c5 42.Bc8 Nc6 43.Bxb7 Nxa5
44.Bd5 Kf8 45.f4 f6 46.Kf2 Ke7 47.h4 c4 48.dxc4 Nb3 49.Ke3 h6 50.Kf3 Nc5
51.Kg4 Nd3 52.Kf3 g5 53.fxg5  1/2-1/2

[Event "27th Open"]
[Site "Cappelle la Grande FRA"]
[Date "2011.03.02"]
[Round "6.32"]
[White "Petkov,V"]
[Black "Grandadam,P"]
[Result "1-0"]
[WhiteElo "2506"]
[BlackElo "2144"]

1.Nf3 d5 2.c4 e6 3.d4 c6 4.Nbd2 Nf6 5.g3 c5 6.Bg2 Nc6 7.cxd5 Nxd5 8.O-O cxd4
9.Nb3 Be7 10.Nfxd4 Nxd4 11.Qxd4 Bf6 12.Qc4 O-O 13.Rd1 Qe7 14.e4 Nb6 15.Qe2 e5
16.Be3 Rd8 17.Rxd8+ Qxd8 18.Nc5 Nd7 19.Rd1 Qc7 20.Na4 Nf8 21.Nc3 Qa5 22.Rd5 Qc7
23.Nb5 Qa5 24.b4 Qa4 25.Nc7 Rb8 26.Qd2 Be6 27.Ra5 Qc6 28.Nd5 a6 29.Rc5 Qe8
30.h4 Rd8 31.h5 Be7 32.Rc7 Rd7 33.Rc2 h6 34.Qc3 Bd6 35.a3 Nh7 36.Qc8 Qf8
37.Kh2 f5 38.Bh3 Qxc8 39.Rxc8+ Bf8 40.Nc7  1-0

[Event "TCh-CZE 2010-11"]
[Site "Czech Rep CZE"]
[Date "2011.03.06"]
[Round "9.2"]
[White "Jakubiec,A"]
[Black "Jaracz,P"]
[Result "1/2-1/2"]
[WhiteElo "2547"]
[BlackElo "2543"]

1.Nf3 d5 2.c4 c6 3.e3 Nf6 4.Qc2 e6 5.b3 Bd6 6.Bb2 O-O 7.Nc3 e5 8.cxd5 cxd5
9.Nb5 Nc6 10.Nxd6 Qxd6 11.Rc1 Bg4 12.Qc5 Qe6 13.Qb5 Rab8 14.h3 Bxf3 15.gxf3 a6
16.Qa4 Rbc8 17.Qh4 Ne7 18.Rxc8 Rxc8 19.Bd3  1/2-1/2

[Event "ch-PriFO A"]
[Site "Tolyatti RUS"]
[Date "2011.03.11"]
[Round "2.7"]
[White "Davydov,S1"]
[Black "Predke,A"]
[Result "0-1"]
[WhiteElo "2325"]
[BlackElo "2434"]

1.Nf3 d5 2.c4 e6 3.d4 Nf6 4.g3 dxc4 5.Qa4+ c6 6.Qxc4 b5 7.Qc2 Bb7 8.Bg2 Nbd7
9.O-O c5 10.Nbd2 Rc8 11.Qd1 Qb6 12.dxc5 Nxc5 13.b3 Be7 14.Bb2 O-O 15.Bd4 Qa6
16.e3 Nfe4 17.Qe2 f6 18.Rac1 e5 19.Nxe4 Nxe4 20.Bb2 Qb6 21.Rxc8 Rxc8 22.Rc1 Rxc1+
23.Bxc1 Nc3 24.Qd2 b4 25.Bb2 Qc7 26.a4 Ne4 27.Qd1 Nc5 28.Qc2 Qd7 29.Nd2 Bxg2
30.Kxg2 Qd3 31.Qxd3 Nxd3 32.Ba1 Kf7 33.Kf3 Ke6 34.Ke2 Nc5 35.f3 f5 36.f4 Bf6
37.fxe5 Bxe5 38.Bd4 Bxd4 39.exd4 Ne4 40.Nc4 Kd5 41.Ke3 g5 42.Ne5 f4+ 43.gxf4 gxf4+
44.Kxf4 Nd2 45.a5 Nxb3 46.Nf3 Kc4 47.Ne5+ Kxd4 48.Nc6+ Kc5 49.Nxa7 Nxa5 50.Ke3 Nc4+
51.Kd3 Nd6  0-1

[Event "Barcelo Lancashire Open"]
[Site "Blackpool ENG"]
[Date "2011.03.12"]
[Round "2"]
[White "Lalic,B"]
[Black "Longson,A"]
[Result "1/2-1/2"]
[WhiteElo "2474"]
[BlackElo "2231"]

1.Nf3 d5 2.c4 e6 3.g3 dxc4 4.Qa4+ Nd7 5.Qxc4 a6 6.Bg2 b5 7.Qc2 Bb7 8.O-O Ngf6
9.b3 c5 10.Bb2 Be7 11.d3 O-O 12.e4 Rc8 13.Qe2 Nb8 14.Ne5 Nfd7 15.Nxd7 Qxd7
16.Qg4  1/2-1/2

[Event "ch-FRA Blitz 2011"]
[Site "Nancy FRA"]
[Date "2011.03.12"]
[Round "5"]
[White "Fressinet,L"]
[Black "Kasimdzhanov,R"]
[Result "1/2-1/2"]
[WhiteElo "2693"]
[BlackElo "2687"]

1.Nf3 d5 2.c4 c6 3.e3 Nf6 4.Nc3 Nbd7 5.Qc2 e5 6.cxd5 Nxd5 7.Be2 Bd6 8.O-O O-O
9.b3 N7f6 10.Bb2 Bg4 11.h3 Bh5 12.Rad1 Qe7 13.d3 Rad8 14.Ne4 Bc7 15.Ng3 Bg6
16.Nh4 Qe6 17.a3 Rfe8 18.Nxg6 hxg6 19.Ne4 Nd7 20.b4 Bb6 21.Nc5 Bxc5 22.bxc5 Qe7
23.Rc1 Nc7 24.a4 Ne6 25.Ba3 b6 26.Bf3 Rc8 27.Rfd1 bxc5 28.Rb1 Rc7 29.a5 Nf6
30.Qc3 Qd6 31.Rdc1 Nd7 32.Qc4 Rd8 33.Bg4 Ndf8 34.Rb3 Qd5 35.Qc2 c4 36.Qxc4 Qxa5
37.Bb4 Qd5 38.Be1 Qxc4 39.Rxc4 Rcd7 40.Be2 c5 41.Ra4 Rc8 42.Rba3 Rcc7 43.Ra6 Rb7
44.Ra1 f5 45.Kf1 Kf7 46.R6a4 Rbc7 47.Ra6 Rb7 48.R6a4 Rbc7  1/2-1/2

[Event "ch-RUS U20"]
[Site "St Petersburg RUS"]
[Date "2011.03.12"]
[Round "8"]
[White "Rozum,I"]
[Black "Goganov,A"]
[Result "1-0"]
[WhiteElo "2475"]
[BlackElo "2469"]

1.Nf3 d5 2.c4 c6 3.e3 Nf6 4.Nc3 e6 5.Qc2 Nbd7 6.b3 Bd6 7.Bb2 O-O 8.Be2 a6
9.d4 b6 10.O-O Bb7 11.Rad1 Qe7 12.Rfe1 Bb4 13.Bd3 h6 14.Re2 Bd6 15.e4 dxe4
16.Nxe4 Nxe4 17.Bxe4 Rad8 18.Rde1 Rfe8 19.Qc1 Nf8 20.h3 Bb4 21.Rf1 Bd6 22.Qa1 Ba3
23.Bc3 f6 24.Rfe1 Bd6 25.Qb2 c5 26.d5 Qf7 27.dxe6 Rxe6 28.Bxb7 Rxe2 29.Qxe2 Qxb7
30.Nh4 Qd7 31.Qe4 Qf7 32.Nf5 Bb8 33.Qg4 Kh8 34.Re7 Qg6 35.g3 Qxg4 36.hxg4 Nd7
37.Rxg7 Be5 38.Bd2 Bd4 39.Bxh6 Ne5 40.Kg2 Rd7 41.f4  1-0

[Event "TCh-SVK Extraliga 2010-11"]
[Site "Slovakia SVK"]
[Date "2011.03.13"]
[Round "8.2"]
[White "Cvek,R"]
[Black "Vavrak,P"]
[Result "1/2-1/2"]
[WhiteElo "2488"]
[BlackElo "2466"]

1.Nf3 d5 2.c4 c6 3.e3 Nf6 4.d4 e6 5.b3 Bd6 6.Bb2 b6 7.Bd3 Nbd7 8.Nbd2 Bb7
9.O-O O-O 10.Ne5 Qe7 11.Qf3 c5 12.Qh3 h6 13.Nxd7 Nxd7 14.cxd5 Bxd5 15.Ne4 cxd4
16.Nxd6 Qxd6 17.exd4 Qf4 18.Qe3 Qh4 19.Rac1 Nf6 20.Qg3 Qxg3 21.hxg3 a5 22.Bb5 Rfc8
23.Rxc8+ Rxc8 24.Rc1 Rxc1+ 25.Bxc1 Ne4 26.Bb2 f5 27.Bd3 Kf7 28.Bxe4 Bxe4
29.f3 Bb1 30.a3 Ba2 31.d5 exd5 32.a4 Bxb3 33.Bd4 b5 34.axb5 Bc4 35.b6 Ba6
36.Kf2 g6 37.Ke3 Ke6 38.g4 fxg4 39.fxg4 a4 40.Kd2 Kd6 41.Kc3 Bf1 42.g3 Bh3
43.Bg7 Bxg4 44.Bxh6 Bc8 45.Kb4 a3 46.Kxa3 Kc5 47.Kb2 Kxb6 48.Kc3  1/2-1/2

[Event "TCh-SWE Elitserien 2010-11"]
[Site "Sweden SWE"]
[Date "2011.03.13"]
[Round "11"]
[White "Agrest,E"]
[Black "Smeets,J"]
[Result "1/2-1/2"]
[WhiteElo "2585"]
[BlackElo "2669"]

1.Nf3 d5 2.c4 c6 3.e3 Nf6 4.Qc2 e6 5.b3 Bd6 6.Bb2 Nbd7 7.Nc3 O-O 8.h3 b6
9.g4 Qe7 10.g5 Ne8 11.O-O-O Bb7 12.Bd3 g6 13.h4 e5 14.Be2 Ng7 15.Nh2 f5 16.d4 e4
17.Kb1 a6 18.f4 Kf7 19.Nf1 h5 20.Ng3  1/2-1/2

[Event "ch-PriFO A"]
[Site "Tolyatti RUS"]
[Date "2011.03.14"]
[Round "5.11"]
[White "Skomorokhin,R"]
[Black "Mokshanov,A"]
[Result "0-1"]
[WhiteElo "2415"]
[BlackElo "2347"]

1.Nf3 d5 2.c4 e6 3.g3 Nf6 4.b3 Be7 5.Bg2 O-O 6.O-O c5 7.e3 Nc6 8.Bb2 b6 9.Qe2 Bb7
10.Rd1 Qc7 11.Nc3 dxc4 12.bxc4 a6 13.d3 Rfd8 14.Rab1 Rab8 15.Ba1 Ba8 16.Ne1 Nb4
17.Bh3 Ne8 18.a3 Nc6 19.f4 Bf6 20.g4 h6 21.Nf3 Qe7 22.Bg2 Nd6 23.a4 Nb4 24.e4 Bxc3
25.Bxc3 Qd7 26.g5 hxg5 27.Nxg5 f6 28.Nf3 Nf7 29.Bf1 Qxa4 30.Qg2 Qc2 31.Bxb4 Qxg2+
32.Bxg2 cxb4 33.Bh3 Rd6 34.Kf2 a5 35.Ke3 e5 36.Rb2 exf4+ 37.Kxf4 Rbd8 38.d4 Re8
39.d5 g5+ 40.Ke3 b5 41.Bf1 f5 42.e5 Nxe5 43.Nxe5 Rxe5+ 44.Kd4 Rdxd5+ 45.cxd5 Rxd5+
46.Ke3 Rxd1 47.Bxb5 f4+ 48.Ke2 Rg1 49.Kd3 Rg2 50.Rb1 Rxh2 51.Ra1 b3 52.Rxa5 Bd5
53.Ba4 b2 54.Bc2 Bc4+ 55.Kc3 f3 56.Rxg5+ Kh8 57.Rf5 Rxc2+  0-1

[Event "UT Dallas GM Invitational"]
[Site "Richardson USA"]
[Date "2011.03.18"]
[Round "10"]
[White "Sadorra,J"]
[Black "Shabalov,A"]
[Result "1-0"]
[WhiteElo "2475"]
[BlackElo "2590"]

1.Nf3 d5 2.c4 c6 3.g3 Nf6 4.Bg2 dxc4 5.O-O Nbd7 6.Qc2 Nb6 7.a4 a5 8.Na3 Qd5
9.Ne1 Qe6 10.d3 cxd3 11.Nxd3 Nfd5 12.Nf4 Nxf4 13.Bxf4 g6 14.Qc3 f6 15.Rfd1 Bg7
16.Qd4 Nd7 17.Rac1 Ne5 18.Bxe5 fxe5 19.Qd8+ Kf7 20.Qc7 Rf8 21.Nc4 e4 22.Rd8 Rxd8
23.Qxd8 Be5 24.Bh3 Qxh3 25.Nxe5+ Ke6 26.f4 exf3 27.exf3  1-0

[Event "e2e4 Uxbridge Open"]
[Site "Denham ENG"]
[Date "2011.03.19"]
[Round "2"]
[White "Pleasants,A"]
[Black "Slavin,A"]
[Result "1/2-1/2"]
[WhiteElo "2056"]
[BlackElo "2411"]

1.Nf3 d5 2.c4 e6 3.b3 Nf6 4.Bb2 Be7 5.e3 O-O 6.Nc3 b6 7.d4 Ba6 8.Ne5 c5 9.Bd3 dxc4
10.bxc4 Bb7 11.Bc2 Nc6 12.Nxc6 Bxc6 13.Qd3 cxd4 14.exd4 Bb4 15.O-O Bxc3 16.Qxc3 b5
17.Qh3 h6 18.d5 exd5 19.cxd5 Nxd5 20.Qf5 g6 21.Qe5 f6 22.Qe6+ Kg7 23.Qxc6 Rc8
24.Qxb5 Rxc2 25.Rad1 Qb6 26.Rxd5 Rxb2 27.Rd7+ Rf7 28.Qd5 Rxd7 29.Qxd7+ Kg8  1/2-1/2

[Event "ch-Southern FR Men"]
[Site "Armavir RUS"]
[Date "2011.03.20"]
[Round "9"]
[White "Kondenko,A"]
[Black "Gorkavij,V"]
[Result "0-1"]
[WhiteElo "2253"]
[BlackElo "2370"]

1.Nf3 d5 2.c4 c6 3.e3 Nf6 4.b3 Bf5 5.Bb2 Nbd7 6.Be2 h6 7.O-O e6 8.Nc3 Be7
9.Rc1 O-O 10.d3 Bh7 11.Rc2 Rc8 12.Qa1 Re8 13.Rd2 Qc7 14.Rc1 dxc4 15.bxc4 e5
16.e4 Rcd8 17.Rdd1 Bd6 18.g3 Nc5 19.Bf1 Qa5 20.Nh4 Bc7 21.Rc2 Bb6 22.Nf5 Ne6
23.Bh3 Bxf5 24.exf5 Nd4 25.Rcc1 Qc5 26.Rf1 Nf3+ 27.Kg2 Rxd3 28.Na4 Qa5 29.Nxb6 Qxb6
30.Rfd1 Ne4 31.c5 Qa6 32.Bg4 Rxd1 33.Rxd1 Qe2 34.Rf1 Neg5 35.Qd1 Qxb2 36.Bxf3 Nxf3
37.Qxf3 Qxa2 38.Rd1 Qc4 39.f6 Qe6 40.Rd6 e4 41.Qe3 Qf5 42.fxg7 Qf3+ 43.Qxf3 exf3+
44.Kxf3 Re5 45.Rd7 b6 46.Rxa7 Rxc5 47.Ke4 Kxg7 48.g4 Rc4+ 49.Kf3 b5  0-1

[Event "TCh-BEL 2010-11"]
[Site "Hauset BEL"]
[Date "2011.03.20"]
[Round "10.3"]
[White "Horvath,Jo1"]
[Black "Vedder,H"]
[Result "1/2-1/2"]
[WhiteElo "2560"]
[BlackElo "2372"]

1.Nf3 d5 2.c4 e6 3.d4 Nf6 4.e3 c5 5.Nc3 Nc6 6.cxd5 exd5 7.Bb5 cxd4 8.exd4 Be7
9.Ne5 Bd7 10.O-O O-O 11.Bg5 Re8 12.Re1 a6 13.Ba4 Rc8 14.h3 h6 15.Bxf6 Bxf6
16.Nxd5 Bxe5 17.dxe5 Nxe5 18.Bxd7 Nxd7 19.Rxe8+ Qxe8 20.Qg4 Kh8 21.Rd1 Ne5
22.Qf5 Rd8 23.Rd4 Ng6 24.Nf6 Qe7 25.Rxd8+ Qxd8 26.Nd5 Ne7 27.Nxe7  1/2-1/2

[Event "TCh-BEL 2010-11"]
[Site "Hauset BEL"]
[Date "2011.03.20"]
[Round "10.7"]
[White "Roeder,M"]
[Black "Baert,A"]
[Result "1-0"]
[WhiteElo "2406"]
[BlackElo "2177"]

1.Nf3 d5 2.c4 e6 3.g3 Nf6 4.Bg2 dxc4 5.Qa4+ c6 6.Qxc4 b5 7.Qc2 Bb7 8.O-O Nbd7
9.b3 c5 10.a4 a6 11.Nc3 Qb6 12.axb5 axb5 13.Rxa8+ Bxa8 14.Qd3 Bc6 15.Ne1 b4
16.Bxc6 Qxc6 17.Na4 Ne5 18.Qc2 h5 19.Bb2 Nfd7 20.Ng2 Be7 21.Rc1 Qd6 22.Rd1 O-O
23.Nf4 h4 24.d4 cxd4 25.Bxd4 Qa6 26.Qe4 f5 27.Qe3 Bf6 28.Nc5 Nxc5 29.Bxc5 Re8
30.Nh5 Ng4 31.Nxf6+ gxf6 32.Qd2 hxg3 33.hxg3 Ne5 34.Bxb4 Qb7 35.Bc3 Qxb3
36.Bxe5 fxe5 37.Qg5+  1-0

[Event "ch-VIE Men"]
[Site "Da Lat VIE"]
[Date "2011.03.23"]
[Round "5.5"]
[White "Nguyen Van Huy"]
[Black "Nguyen Duc Hoa"]
[Result "1-0"]
[WhiteElo "2459"]
[BlackElo "2466"]

1.Nf3 d5 2.c4 e6 3.g3 Nf6 4.Bg2 Be7 5.O-O O-O 6.b3 a5 7.Ba3 b6 8.d4 Bb7 9.Ne5 Nbd7
10.Bxe7 Qxe7 11.Nc3 Rfd8 12.Nxd7 Rxd7 13.Qc2 Rad8 14.Rac1 Ba8 15.cxd5 Nxd5
16.Nxd5 Bxd5 17.Bxd5 Rxd5 18.Qxc7 Qxc7 19.Rxc7 Rxd4 20.Rfc1 g6 21.Rb7 R8d5
22.Rc8+ Kg7 23.Rcc7 Rf5 24.Rxb6 Rd2 25.Rxe6 Rxa2 26.Ree7 h5 27.Kg2 Rb2 28.Rb7 Rc2
29.h3 Rf6 30.g4 hxg4 31.hxg4 Rcc6 32.Red7 Rc2 33.Re7 Rcc6 34.Ra7 Rc5 35.Kg3 g5
36.Reb7 Kg6 37.Rb8 Rc3+ 38.f3 Rc5 39.Rg8+ Kh6 40.Rga8 Rc2 41.Ra6 Rg6 42.Rxa5 Rxe2
43.Rf5 Re7 44.b4 Rge6 45.b5 f6 46.Ra6 Kg6 47.Rxe6 Rxe6 48.Kf2 Kf7 49.Rd5 Ke7
50.Rd3 Rb6 51.Rb3 Kd7 52.Ke3 Re6+ 53.Kd4 Kc7 54.Re3 Rd6+ 55.Kc5 Rd7 56.Re6 Rf7
57.Ra6 Kb7 58.Kd5 Rh7 59.Ke6 Rh3 60.Ra3 Rh6 61.Kf7 f5 62.gxf5 Rh3 63.Re3  1-0

[Event "TCh-HUN 2010-11"]
[Site "Budapest HUN"]
[Date "2011.03.27"]
[Round "7"]
[White "Bernei,A"]
[Black "Karolyi,T jr"]
[Result "1/2-1/2"]
[WhiteElo "2234"]
[BlackElo "2337"]

1.Nf3 d5 2.c4 dxc4 3.e3 c5 4.Bxc4 e6 5.d4 Nf6 6.O-O Nc6 7.Nc3 a6 8.a4 Be7
9.Qe2 cxd4 10.Rd1 O-O 11.exd4 Nd5 12.Qe4 Nf6 13.Qe2 Nd5 14.Qe4 Nf6 15.Qe2 Nd5  1/2-1/2

[Event "ch-Moscow S/F 2011"]
[Site "Moscow RUS"]
[Date "2011.03.27"]
[Round "9"]
[White "Shuvalov,E"]
[Black "Gorbatov,A"]
[Result "0-1"]
[WhiteElo "2252"]
[BlackElo "2396"]

1.Nf3 d5 2.c4 d4 3.g3 g6 4.Bg2 Bg7 5.d3 e5 6.O-O Ne7 7.b4 O-O 8.Nbd2 f5 9.Qb3 h6
10.Bb2 Be6 11.Rfe1 f4 12.Ne4 Nd7 13.b5 Nf5 14.a4 g5 15.a5 g4 16.Nfd2 h5 17.a6 b6
18.Ba3 Rf7 19.Nf1 Bh6 20.Qc2 h4 21.Bc1 Rc8 22.Bd2 Nf6 23.Rec1 Nxe4 24.dxe4 Ne3
25.Nxe3 fxe3 26.fxe3 dxe3 27.Bc3 h3 28.Bh1 Rf2 29.Rf1 Qf6 30.Bb4 Bf8 31.c5 Bxc5
32.Bxc5 bxc5 33.Qxc5 Rf8 34.Bf3 gxf3 35.Rxf2 exf2+ 36.Qxf2 fxe2 37.Qxe2 Qf3
38.Qd2 Kh7 39.Rc1 Kg6 40.Qg2 Qe3+  0-1

[Event "ch-Moscow S/F 2011"]
[Site "Moscow RUS"]
[Date "2011.03.27"]
[Round "9"]
[White "Erofeev,A"]
[Black "Yudkevich,M"]
[Result "1-0"]
[WhiteElo "2272"]
[BlackElo "2155"]

1.Nf3 d5 2.c4 e6 3.g3 Nf6 4.Bg2 Be7 5.O-O O-O 6.d4 c6 7.Qc2 Nbd7 8.Rd1 b6
9.Nc3 Ba6 10.b3 Rc8 11.e4 dxc4 12.e5 Nd5 13.bxc4 Bxc4 14.Ne4 b5 15.Neg5 g6
16.h4 Nb4 17.Qd2 Nd3 18.Bf1 Nxc1 19.Bxc4 bxc4 20.Raxc1 c5 21.d5 exd5 22.Qxd5 Nb6
23.Qe4 Qe8 24.e6 Bxg5 25.Nxg5 fxe6 26.Qb7 Rf7 27.Nxf7 Qxf7 28.Qxc8+ Nxc8
29.Rd8+ Kg7 30.Rxc8 Qb7 31.Rxc5 Qb2 32.Rc7+ Kf6 33.R1xc4 Qxa2 34.Rf4+ Ke5
35.Rxh7 g5 36.Rh5  1-0